01545nam a2200385 a 4500001001000000003000900010005001700019007001000036008004100046020001500087040002200102082002000124100003500144245015200179260005000331300002100381500007200402505004500474600003800519650002400557650002600581651004800607651004800655651004800703700002200751700002900773700004600802700004700848910003700895942001200932945003600944952012500980956003901105999001501144000017795DO-SdBNP20180322140456.0000017795100406s2001 dr 000 j spa d a9993454052 aBPMSUbspacBPMSU 4aRD863.44bB171p aBalaguer, Joaquínd1906-200210aPremio nacional de literatura 1990 /cJoaquín Balaguer ; estudio preliminar, Jorge Tena Reyes ; [edición al cuidado de Andrés Blanco Díaz]0 aSanto Domingo :bFundación Corripio,c2001. a764 p. ;c25 cm. aIncluye referencias bibliográficas notas al pie de las páginas. tLa isla al revés --tLos carpinteros.14aBALAGUER, JOAQUÍN,d1906 - 2002 4aCUENTOS DOMINICANOS 4aLITERATURA DOMINICANA 4aREPÚBLICA DOMINICANAxRELACIONESzHAITÍ 4aHAITÍxRELACIONESzREPÚBLICA DOMINICANA 4aREPÚBLICA DOMINICANAxHISTORIAy1844-193012aTena Reyes, Jorge12aBlanco Díaz, Andrés.12aBalaguer, Joaquín,tLa isla al revés 12aBlanco Díaz, Andrés.tLos carpinteros. aValidado. Control de calidad MFF 2ddccBK aRemanejado para BNPHU / 2017 VM 00102ddc40708CDaBPMETbBPMETd2015-04-23eDonaciónl0oRD863.44 B171ppBPMSU15040023r2015-04-23w2015-04-23yBK aVMATEO b10c20160406lBPMSUh0069 c7686d7686